Normal view
MARC view
- Mathematics
Entry Topical Term
001 - CONTROL NUMBER
- control field: 89107
003 - CONTROL NUMBER IDENTIFIER
- control field: NUST
005 - DATE AND TIME OF LATEST TRANSACTION
- control field: 20220217115806.0
008 - FIXED-LENGTH DATA ELEMENTS
- fixed length control field: 220217|| aca||aabn | a|a d
040 ## - CATALOGING SOURCE
- Original cataloging agency: NUST
- Transcribing agency: NUST
150 ## - HEADING--TOPICAL TERM
- Topical term or geographic name entry element: Mathematics
- General subdivision: History
670 ## - SOURCE DATA FOUND
- Source citation: Work cat.: (NUST)0: Bell, Eric Temple, 1883-1960. 89105, Men of mathematics /, 1986, c1937.
